Deutsche Freizeitparks nach Achterbahn-Bewertung - Statistiken

Allgemein
  • Dieses Quiz wurde 105 mal gespielt
  • Das Durchschnittsergebnis liegt bei 7 aus 10
Antwortstatistiken
# durchschn.
Bewertung
Anzahl
Bahnen
Beste
Achterbahn
BL Park % Korrekt
3 68,3% 14 Voltron Nevera BW Europa-Park
100%
7 57,7% 9 Colossos – Kampf der Giganten NI Heide Park
90%
1 78,3% 8 Taron NW Phantasialand
90%
6 59,4% 7 Der Schwur des Kärnan SH Hansa-Park
85%
2 71,3% 3 Expedition GeForce RP Holiday Park
77%
5 64,8% 6 Hals-über-Kopf BW Erlebnispark Tripsdrill
75%
8 54,8% 4 Freischütz BY Bayern-Park
63%
10 51,5% 4 Drachenritt SN Belantis
50%
4 66,7% 6 Dynamite SN Freizeitpark Plohn
48%
9 54,6% 2 Heiße Fahrt RP Wild- und Freizeitpark Klotten
21%
Keine übereinstimmenden Quizze gefunden
Verteilung der Resultate
Anzahl Personen mit jedem Resultat
Perzentil nach korrekt beantworteten Fragen
Ihre Resultats-Entwicklung
Sie haben dieses Quiz noch nicht gespielt